ՀՀ Գիտությունների ազգային ակադեմիայի հիմնարար գիտական գրադարան  =   Fundamental Scientific Library of NAS RA

Каталог книг и рукописей библиотек Лазаревскаго Института Восточных языков : (Record no. 91672)

MARC details
000 -LEADER
fixed length control field 00818nam a2200181 u 4500
001 - CONTROL NUMBER
control field 000254713
003 - CONTROL NUMBER IDENTIFIER
control field AM-YeHGA
005 - DATE AND TIME OF LATEST TRANSACTION
control field 20250618071717.0
008 - FIXED-LENGTH DATA ELEMENTS--GENERAL INFORMATION
fixed length control field 030818s1888 ru r 000 0 rus c
040 ## - CATALOGING SOURCE
Original cataloging agency AM-YeHGA
090 ## - LOCALLY ASSIGNED LC-TYPE CALL NUMBER (OCLC); LOCAL CALL NUMBER (RLIN)
-- 92970
110 2# - MAIN ENTRY--CORPORATE NAME
Corporate name or jurisdiction name as entry element Лазаревский институт восточных языков
9 (RLIN) 5173
245 10 - TITLE STATEMENT
Title Каталог книг и рукописей библиотек Лазаревскаго Института Восточных языков :
Remainder of title а) Библиотека Специальных классов б) Восточный отдел Фундаментальной библиотеки.
260 ## - PUBLICATION, DISTRIBUTION, ETC.
Place of publication, distribution, etc. Москва :
Name of publisher, distributor, etc. Тип. О.О. Гербека,
Date of publication, distribution, etc. 1888.
300 ## - PHYSICAL DESCRIPTION
Extent VIII, 236 с. ;
Dimensions 25 см.
650 14 - SUBJECT ADDED ENTRY--TOPICAL TERM
Topical term or geographic name entry element Գրադարաններ
General subdivision Каталоги
942 00 - ADDED ENTRY ELEMENTS (KOHA)
Koha issues (borrowed), all copies 1
Holdings
Withdrawn status Lost status Damaged status Not for loan Collection Home library Current library Date acquired Total checkouts Full call number Barcode Date last seen Date last checked out Price effective from Koha item type Public note
        General Fundamental Scientific Library Fundamental Scientific Library 22/12/2016 1 PII/488694 FL0259373 21/02/2025 21/02/2025 22/12/2016 Գրքեր / Books 30 Days Loan


ՀՀ ԳԱԱ հիմնարար գիտական գրադարան
ՀՀ,Երևան 0019
Մարշալ Բաղրամյան 24/6
հեռախոս:(374-10) 52-47-50
Հետադարձ կապ

All site content, except where otherwise noted, is licensed under a
Creative Commons License